| 000 | 00597nam a2200181 a 4500 | ||
|---|---|---|---|
| 001 | 000048141 | ||
| 003 | DO-SdBNP | ||
| 005 | 20250925135842.0 | ||
| 008 | 181121s2015 dr a 000 0 spa d | ||
| 040 |
_aDO-SdBNP _bspa _cBNPHU |
||
| 082 | _bR426c | ||
| 110 | 1 |
_aRepública Dominicana _bMinisterio de Administración Pública _965952 |
|
| 245 | 1 | 0 |
_aCompendio de proyectos de leyes y reglamentos pendientes de aprobación / _cpresentación Ramón Ventura Camejo |
| 260 |
_aSanto Domingo : _bMAP, _c2015. |
||
| 300 |
_a300 p. ; _c21 cm. |
||
| 590 | _aInventariado, 2018/MFF | ||
| 942 |
_2ddc _cLBS1 |
||
| 999 |
_c47629 _d47629 |
||